| 000 | 00560nam a2200169Ia 4500 | ||
|---|---|---|---|
| 003 | GCL | ||
| 008 | 140319s9999 xx 000 0 ara d | ||
| 040 |
_aGCL / _cGCL |
||
| 082 | 0 | 4 |
_a230 _bا ا |
| 100 | 1 | _aابى الحسن على بن عمر بن احمد | |
| 245 | 1 | 0 |
_aالالزامات والتتبع / _cابى الحسن على بن عمر بن احمد |
| 260 |
_a[S.N] : _bدار الكتب العلمية للنشر والتوزيع ، _c1985 |
||
| 300 | _a415 ص | ||
| 490 | _a | ||
| 650 | 0 | 4 | _aالاحاديث النبوية |
| 942 |
_2ddc _cBK |
||
| 999 |
_c54083 _d54083 |
||